| 000 | 01408ngm a22002777a 4500 | ||
|---|---|---|---|
| 005 | 20080708143856.0 | ||
| 007 | cd | ||
| 008 | 080708t xxu||||| |||| 00| 0 eng d | ||
| 010 | _aDVD-000100-102 | ||
| 024 | _cRs.99.00 | ||
| 037 | _a0173/ 12-05-08 | ||
| 040 | _aDpl | ||
| 082 | _aCD / TALE | ||
| 245 |
_aTales of Tenali Raman _cProduced and Published by Vision Interactive Systems _hCD-Rom |
||
| 260 |
_aBanglore _bVision Interactive Systems _c2008 |
||
| 300 | _a1 Videodisc (CD) | ||
| 440 | _aBuzzers Series | ||
| 500 | _a10 Animataed Stories | ||
| 538 | _aMinimus system reauirements: P-III & above, 256 MB RAM, CD-Rom Drive, Windows XP/2000/MW/NT, 256 Color VGA Display | ||
| 650 | _2Animataed Stories | ||
| 942 |
_cCF _hCD / TALE _2ddc |
||
| 999 |
_c14484 _d14484 |
||